000
00283nam a2200109Ia 4500
008
201217s9999 xx 000 0 und d
100
_a
Verma, Pramod
245
0
_a
Indfustrial Labour in India ; an Emperical Approach
260
_a
New Delhi
_b
Oxford & IBH
300
_a
258
942
_c
BK
999
_c
8152
_d
8152